[Event "3. Magistral Ciudad de Zaragoza"]
[Site "Zaragoza ESP"]
[Date "2008.10.22"]
[Round "5.5"]
[White "Barsov, Alexei"]
[Black "Adla, Diego"]
[Result "0-1"]
[WhiteElo "2513"]
[BlackElo "2497"]
[PlyCount "76"]
[EventDate "2008.10.18"]
[EventType "tourn"]
[EventRounds "9"]
[EventCountry "ESP"]
[EventCategory "9"]
[Source "lmi"]
[SourceDate "2008.10.18"]

1. d4 Nf6 2. Nf3 e6 3. c4 Bb4+ 4. Nbd2 b6 5. g3 Bb7 6. Bg2 O-O 7. O-O Be7 8.
Qc2 c5 9. e4 cxd4 10. e5 Ne8 11. Ng5 Bxg5 12. Bxb7 Nc6 13. Bxa8 Qxa8 14. Nf3
Be7 15. Qe4 Bc5 16. a3 a5 17. b3 f6 18. Bf4 Qc8 19. Rad1 Rf7 20. Nxd4 Nxd4 21.
Rxd4 fxe5 22. Bxe5 d6 23. Rfd1 Qc7 24. b4 axb4 25. axb4 Bxd4 26. Bxd4 Qxc4 27.
Rc1 Qxb4 28. Qxe6 Nc7 29. Qe4 b5 30. Ra1 Qc4 31. Qe3 Ne6 32. Rc1 Qd5 33. Bb2 h6
34. h4 Rf3 35. Qa7 Rd3 36. Kh2 Rd2 37. Rc8+ Kh7 38. Bc3 Rd1 0-1

[Event "3. Magistral Ciudad de Zaragoza"]
[Site "Zaragoza ESP"]
[Date "2008.10.23"]
[Round "6.1"]
[White "Reinaldo Castineira, Roi"]
[Black "Adla, Diego"]
[Result "0-1"]
[WhiteElo "2516"]
[BlackElo "2497"]
[PlyCount "134"]
[EventDate "2008.10.18"]
[EventType "tourn"]
[EventRounds "9"]
[EventCountry "ESP"]
[EventCategory "9"]
[Source "lmi"]
[SourceDate "2008.10.18"]

1. e4 c5 2. Nf3 e6 3. d4 cxd4 4. Nxd4 Nc6 5. Nc3 Qc7 6. Be2 a6 7. O-O b5 8.
Nxc6 dxc6 9. f4 Bb7 10. Bf3 e5 11. Kh1 Bd6 12. f5 Nf6 13. Bg5 Be7 14. Qe1 O-O
15. Qg3 Kh8 16. Rae1 Rad8 17. Qh3 h6 18. Bc1 Nh7 19. Qh5 Rd6 20. Nd1 Bg5 21.
Bxg5 Nxg5 22. Ne3 Nh7 23. Ng4 Qe7 24. Qh3 Rfd8 25. Qg3 f6 26. Qf2 Rd2 27. Re2
R2d7 28. Qe3 c5 29. Nf2 c4 30. h4 Nf8 31. Ree1 Qb4 32. Qc3 Qxc3 33. bxc3 Rd2
34. Rd1 Kg8 35. Kg1 Kf7 36. Rxd2 Rxd2 37. Rc1 Nd7 38. Rd1 Rxd1+ 39. Nxd1 Nc5
40. Nf2 Na4 41. Nd1 Nc5 42. Nf2 Ke7 43. Kf1 Na4 44. Nd1 Nc5 45. Nf2 Na4 46. Nd1
Kd6 47. Ke2 Kc5 48. a3 a5 49. Kd2 b4 50. axb4+ axb4 51. cxb4+ Kxb4 52. g4 Bc6
53. c3+ Kb3 54. Nf2 Nc5 55. g5 hxg5 56. hxg5 fxg5 57. Bg2 Kb2 58. Nd1+ Kb1 59.
Ne3 Bxe4 60. Nxc4 Bxg2 61. Nxe5 Be4 62. Nf7 g4 63. Nd6 g3 64. Ke3 g2 65. Kf2
Nd3+ 66. Kg1 Bc6 67. Nc4 Nf4 0-1

[Event "3. Magistral Ciudad de Zaragoza"]
[Site "Zaragoza ESP"]
[Date "2008.10.23"]
[Round "6.2"]
[White "Garza Marco, Sergio"]
[Black "Barsov, Alexei"]
[Result "1/2-1/2"]
[WhiteElo "2394"]
[BlackElo "2513"]
[PlyCount "28"]
[EventDate "2008.10.18"]
[EventType "tourn"]
[EventRounds "9"]
[EventCountry "ESP"]
[EventCategory "9"]
[Source "lmi"]
[SourceDate "2008.10.18"]

1. d4 d5 2. c4 e6 3. Nc3 Bb4 4. e3 Nf6 5. Nge2 O-O 6. a3 Be7 7. cxd5 exd5 8. g3
a5 9. Bg2 Na6 10. O-O Re8 11. Kh1 c6 12. f3 c5 13. dxc5 Bxc5 14. Nd4 Nc7
1/2-1/2

[Event "3. Magistral Ciudad de Zaragoza"]
[Site "Zaragoza ESP"]
[Date "2008.10.23"]
[Round "6.3"]
[White "Cuenca Jimenez, Jose Fernando"]
[Black "Llorente Zaro, Alfonso"]
[Result "0-1"]
[WhiteElo "2444"]
[BlackElo "2424"]
[PlyCount "125"]
[EventDate "2008.10.18"]
[EventType "tourn"]
[EventRounds "9"]
[EventCountry "ESP"]
[EventCategory "9"]
[Source "lmi"]
[SourceDate "2008.10.18"]

1. e4 c5 2. Nf3 Nc6 3. Nc3 e6 4. d4 cxd4 5. Nxd4 Qc7 6. Be3 a6 7. Bd3 Nf6 8.
O-O Nxd4 9. Bxd4 Bc5 10. Bxc5 Qxc5 11. Na4 Qc7 12. c4 d6 13. Rc1 O-O 14. Qd2
Bd7 15. Nc3 Rfd8 16. Kh1 Qa5 17. f4 b5 18. e5 Ne8 19. Qe2 bxc4 20. Bxc4 g6 21.
Rcd1 Bc6 22. Qf2 Ng7 23. exd6 Qb4 24. Bb3 Nf5 25. Kg1 h5 26. Bc2 Qxb2 27. Bxf5
Qxf2+ 28. Rxf2 gxf5 29. Rfd2 Ra7 30. Kf2 Rad7 31. Rd3 f6 32. R1d2 Kf7 33. Ke1
Rg8 34. g3 e5 35. Re3 Ke6 36. Ne2 Be4 37. Nc3 exf4 38. gxf4 Rg1+ 39. Kf2 Rg2+
40. Ke1 Rxd2 41. Kxd2 Rxd6+ 42. Ke2 Rd4 43. Rh3 Rc4 44. Kd2 Rd4+ 45. Ke2 Bc6
46. Rxh5 Rxf4 47. Rh8 Rb4 48. Rc8 Bb7 49. Re8+ Kd7 50. Rf8 Ke7 51. Rg8 f4 52.
h3 f3+ 53. Ke3 f5 54. Rg5 f4+ 55. Kd3 a5 56. Kc2 Be4+ 57. Nxe4 Rxe4 58. Kd3
Re3+ 59. Kd4 Kf6 60. Rg1 f2 61. Rf1 Re2 62. Kd3 f3 63. a4 0-1

[Event "3. Magistral Ciudad de Zaragoza"]
[Site "Zaragoza ESP"]
[Date "2008.10.23"]
[Round "6.5"]
[White "Rizouk, Aimen"]
[Black "Mirzoev, Azer"]
[Result "1/2-1/2"]
[WhiteElo "2507"]
[BlackElo "2567"]
[PlyCount "27"]
[EventDate "2008.10.18"]
[EventType "tourn"]
[EventRounds "9"]
[EventCountry "ESP"]
[EventCategory "9"]
[Source "lmi"]
[SourceDate "2008.10.18"]

1. e4 d6 2. d4 e5 3. dxe5 dxe5 4. Qxd8+ Kxd8 5. Nf3 f6 6. Bc4 c6 7. a4 Kc7 8.
Be3 Nd7 9. Nbd2 Bc5 10. Bxc5 Nxc5 11. b4 Ne6 12. Nb3 Ne7 13. O-O Rd8 14. Rfd1
1/2-1/2

[Event "3. Magistral Ciudad de Zaragoza"]
[Site "Zaragoza ESP"]
[Date "2008.10.24"]
[Round "7.1"]
[White "Mirzoev, Azer"]
[Black "Reinaldo Castineira, Roi"]
[Result "1/2-1/2"]
[WhiteElo "2567"]
[BlackElo "2516"]
[PlyCount "44"]
[EventDate "2008.10.18"]
[EventType "tourn"]
[EventRounds "9"]
[EventCountry "ESP"]
[EventCategory "9"]
[Source "lmi"]
[SourceDate "2008.10.18"]

1. Nf3 c5 2. g3 g6 3. Bg2 Bg7 4. O-O Nc6 5. c4 d6 6. Nc3 e5 7. d3 Nge7 8. Ne1
Be6 9. Nd5 O-O 10. Nc2 Rb8 11. Bg5 f6 12. Bd2 b5 13. b3 a6 14. Rb1 b4 15. a3 a5
16. axb4 axb4 17. Ra1 Qc8 18. Bc1 Bh3 19. e4 Bg4 20. f3 Bd7 21. f4 Nxd5 22.
exd5 Nd4 1/2-1/2

[Event "3. Magistral Ciudad de Zaragoza"]
[Site "Zaragoza ESP"]
[Date "2008.10.24"]
[Round "7.2"]
[White "Ramiro Ovejero, Juan Luis"]
[Black "Rizouk, Aimen"]
[Result "1/2-1/2"]
[WhiteElo "2380"]
[BlackElo "2507"]
[PlyCount "112"]
[EventDate "2008.10.18"]
[EventType "tourn"]
[EventRounds "9"]
[EventCountry "ESP"]
[EventCategory "9"]
[Source "lmi"]
[SourceDate "2008.10.18"]

1. e4 c5 2. Nf3 d6 3. Bb5+ Nd7 4. O-O Ngf6 5. Re1 a6 6. Bf1 e5 7. c3 Be7 8. d4
O-O 9. Nbd2 b5 10. a4 Rb8 11. axb5 axb5 12. d5 c4 13. b3 cxb3 14. Nxb3 Qc7 15.
Ba3 Nc5 16. Bxc5 dxc5 17. c4 b4 18. Qc2 Bd6 19. Ra5 Bb7 20. Rea1 Ra8 21. Ne1
Rxa5 22. Rxa5 Ra8 23. Rxa8+ Bxa8 24. Qa2 Bb7 25. f3 Nd7 26. Nd3 g6 27. g3 Nb6
28. Qa5 Nxc4 29. Qxc7 Bxc7 30. Ndxc5 Nd6 31. Nd3 f5 32. Bg2 Ba6 33. Nxb4 Bb6+
34. Kh1 Be2 35. Nc6 fxe4 36. fxe4 Nc4 37. Nc1 Bd1 38. Nd3 Bc7 39. Ne1 Kg7 40.
Bf3 Ba4 41. Nd3 Bd6 42. Kg2 Kf6 43. h4 Bc2 44. Nf2 Ne3+ 45. Kh3 h5 46. g4 hxg4+
47. Nxg4+ Nxg4 48. Kxg4 Ba4 49. Na5 Bd7+ 50. Kg3 Bb4 51. Nc4 Be1+ 52. Kg2 Bxh4
53. Nb6 Be8 54. Bd1 Ke7 55. Kf3 Kd6 56. Be2 Kc5 1/2-1/2

[Event "3. Magistral Ciudad de Zaragoza"]
[Site "Zaragoza ESP"]
[Date "2008.10.24"]
[Round "7.3"]
[White "Llorente Zaro, Alfonso"]
[Black "Antoli Royo, Joaquin Miguel"]
[Result "1-0"]
[WhiteElo "2424"]
[BlackElo "2425"]
[PlyCount "217"]
[EventDate "2008.10.18"]
[EventType "tourn"]
[EventRounds "9"]
[EventCountry "ESP"]
[EventCategory "9"]
[Source "lmi"]
[SourceDate "2008.10.18"]

1. c4 c6 2. d4 d5 3. Nc3 Nf6 4. e3 g6 5. Nf3 Bg7 6. Bd3 O-O 7. O-O Bg4 8. h3
Bxf3 9. Qxf3 dxc4 10. Bxc4 Nbd7 11. Rd1 e5 12. d5 e4 13. Nxe4 Nxe4 14. Qxe4 Nb6
15. Bb3 cxd5 16. Qf3 Qh4 17. Rb1 Rac8 18. Bd2 Rc6 19. Qg4 Qxg4 20. hxg4 Rd8 21.
Ba5 Rd7 22. Bxb6 Rxb6 23. Rd2 Rb5 24. Rxd5 Rdxd5 25. Bxd5 Rxb2 26. Rc1 Be5 27.
Rc8+ Kg7 28. g3 Rb6 29. g5 Rd6 30. e4 Rd7 31. f4 Bd4+ 32. Kg2 h6 33. gxh6+ Kxh6
34. Kf3 a5 35. a4 b6 36. Rc6 Bc5 37. g4 Bd4 38. g5+ Kg7 39. Kg4 Bc5 40. Ba2 Be3
41. Rf6 Bd4 42. e5 Rc7 43. Kf3 Bc5 44. Ke4 Rd7 45. Bd5 Re7 46. Kd3 Rc7 47. e6
fxe6 48. Bxe6 Bb4 49. Bd5 Rd7 50. Ke4 Bc5 51. Rc6 Re7+ 52. Kf3 Rd7 53. Be4 Rd6
54. Rc7+ Kf8 55. Bb1 Rd4 56. Rc8+ Kg7 57. Rc7+ Kf8 58. Rc6 Bd6 59. Be4 Ke7 60.
Rxb6 Rxa4 61. Rb7+ Kf8 62. Ra7 Ra3+ 63. Kg4 Ra4 64. Bxg6 Rxf4+ 65. Kh5 a4 66.
Bc2 Be7 67. Kg6 Bxg5 68. Kxg5 Rf7 69. Rxa4 Rc7 70. Bf5 Rg7+ 71. Bg6 Rb7 72. Re4
Re7 73. Rh4 Rc7 74. Re4 Kg7 75. Bf5 Ra7 76. Re1 Rc7 77. Rh1 Kf8 78. Kf6 Rf7+
79. Ke6 Re7+ 80. Kd6 Rf7 81. Be6 Ra7 82. Rg1 Ra6+ 83. Ke5 Ke7 84. Rg7+ Kd8 85.
Rd7+ Ke8 86. Kf6 Rc6 87. Rd1 Rb6 88. Rd7 Rc6 89. Rd2 Rb6 90. Rc2 Rb8 91. Rc7
Kd8 92. Rd7+ Ke8 93. Rd5 Rb6 94. Rh5 Kd8 95. Rc5 Rb8 96. Kf7 Rb7+ 97. Kf8 Rb8
98. Rc6 Ra8 99. Kf7 Rb8 100. Kf6 Ra8 101. Ke5 Rb8 102. Kd6 Ra8 103. Rb6 Ke8
104. Rb7 Kd8 105. Bd5 Ra6+ 106. Bc6 Kc8 107. Rh7 Kb8 108. Rh8+ Ka7 109. Kc7 1-0

[Event "3. Magistral Ciudad de Zaragoza"]
[Site "Zaragoza ESP"]
[Date "2008.10.24"]
[Round "7.4"]
[White "Barsov, Alexei"]
[Black "Cuenca Jimenez, Jose Fernando"]
[Result "1-0"]
[WhiteElo "2513"]
[BlackElo "2444"]
[PlyCount "108"]
[EventDate "2008.10.18"]
[EventType "tourn"]
[EventRounds "9"]
[EventCountry "ESP"]
[EventCategory "9"]
[Source "lmi"]
[SourceDate "2008.10.18"]

1. d4 Nf6 2. Nf3 e6 3. c4 b6 4. g3 Bb7 5. Bg2 Be7 6. O-O O-O 7. Re1 d5 8. cxd5
exd5 9. Nc3 Nbd7 10. Bf4 Ne4 11. Nd2 Ndf6 12. Ndxe4 dxe4 13. Qa4 Bd6 14. e3 Re8
15. Rad1 h6 16. Be5 a6 17. a3 Qe7 18. Bxf6 gxf6 19. Bh3 b5 20. Qb3 b4 21. axb4
Bxb4 22. Re2 c5 23. dxc5 Qxc5 24. Nd5 Bxd5 25. Rxd5 Qf8 26. Rc2 Ra7 27. Rc6 Kg7
28. Qd1 Be7 29. Qg4+ Kh8 30. Qxe4 Rb7 31. Rh5 Rbb8 32. Bf5 Rb4 33. Rc4 Rxc4 34.
Qxc4 Qg7 35. Qxa6 Rb8 36. Qa7 Bd6 37. Qd4 Bf8 38. Bd3 Kg8 39. Rf5 Be7 40. Rf4
f5 41. Qa7 Bd6 42. Rxf5 Rf8 43. Qb6 Be5 44. b3 Rb8 45. Qc5 f6 46. f4 Bc7 47.
Qd5+ Kh8 48. Qe6 Rf8 49. Rb5 Bb8 50. Rd5 Qg8 51. Qxg8+ Kxg8 52. Rd7 Rc8 53.
Bc4+ Kh8 54. Kf2 f5 1-0

[Event "3. Magistral Ciudad de Zaragoza"]
[Site "Zaragoza ESP"]
[Date "2008.10.24"]
[Round "7.5"]
[White "Adla, Diego"]
[Black "Garza Marco, Sergio"]
[Result "1-0"]
[WhiteElo "2497"]
[BlackElo "2394"]
[PlyCount "66"]
[EventDate "2008.10.18"]
[EventType "tourn"]
[EventRounds "9"]
[EventCountry "ESP"]
[EventCategory "9"]
[Source "lmi"]
[SourceDate "2008.10.18"]

1. d4 d6 2. c4 e5 3. Nf3 e4 4. Ng5 Nf6 5. Nc3 Qe7 6. Nh3 h6 7. Nf4 c6 8. e3 Bf5
9. Be2 Nbd7 10. h4 h5 11. Nxh5 Nxh5 12. Bxh5 Nb6 13. Bg4 Bg6 14. g3 Nxc4 15. b3
Nb6 16. d5 f5 17. Be2 Qe5 18. Bb2 Nxd5 19. Nxd5 Qxd5 20. Qxd5 cxd5 21. Rc1 Kd8
22. Bd4 Rh7 23. g4 Be7 24. h5 fxg4 25. Bxg4 Bf7 26. Bxa7 Ke8 27. Rc8+ Rxc8 28.
Bxc8 Kd8 29. Bxb7 Kc7 30. Ba6 Rxh5 31. Rxh5 Bxh5 32. b4 Bf6 33. Kd2 d4 1-0

[Event "3. Magistral Ciudad de Zaragoza"]
[Site "Zaragoza ESP"]
[Date "2008.10.25"]
[Round "8.2"]
[White "Cuenca Jimenez, Jose Fernando"]
[Black "Adla, Diego"]
[Result "1/2-1/2"]
[WhiteElo "2444"]
[BlackElo "2497"]
[PlyCount "65"]
[EventDate "2008.10.18"]
[EventType "tourn"]
[EventRounds "9"]
[EventCountry "ESP"]
[EventCategory "9"]
[Source "lmi"]
[SourceDate "2008.10.18"]

1. Nf3 d5 2. d4 c6 3. c4 dxc4 4. e3 Be6 5. a4 Nf6 6. Na3 c5 7. Bxc4 Bxc4 8.
Nxc4 cxd4 9. Qb3 Qd5 10. O-O Nc6 11. Qxb7 Rd8 12. Qb5 Rb8 13. Qxd5 Nxd5 14.
Nxd4 Nxd4 15. exd4 e6 16. Ne3 Bd6 17. Bd2 Kd7 18. Nxd5 exd5 19. Bc3 Rhc8 20.
Rfe1 Bb4 21. Re3 Bxc3 22. bxc3 Rb3 23. Rae1 Kd6 24. Re7 Rc7 25. Rxc7 Kxc7 26.
g4 Kd6 27. Re3 Ra3 28. g5 Rxa4 29. Rh3 Ke6 30. Re3+ Kd6 31. Rh3 Ke6 32. Re3+
Kd6 33. Rh3 1/2-1/2

[Event "3. Magistral Ciudad de Zaragoza"]
[Site "Zaragoza ESP"]
[Date "2008.10.25"]
[Round "8.3"]
[White "Antoli Royo, Joaquin Miguel"]
[Black "Barsov, Alexei"]
[Result "0-1"]
[WhiteElo "2425"]
[BlackElo "2513"]
[PlyCount "54"]
[EventDate "2008.10.18"]
[EventType "tourn"]
[EventRounds "9"]
[EventCountry "ESP"]
[EventCategory "9"]
[Source "lmi"]
[SourceDate "2008.10.18"]

1. e4 e6 2. d4 d5 3. Nd2 Nf6 4. e5 Nfd7 5. Bd3 c5 6. c3 Nc6 7. Ngf3 a6 8. O-O
g5 9. dxc5 g4 10. Nd4 Ndxe5 11. N2b3 Nxd3 12. Qxd3 e5 13. Re1 Bg7 14. Nf5 Bxf5
15. Qxf5 Qd7 16. Qg5 O-O 17. Nd2 f6 18. Qh5 f5 19. f3 gxf3 20. Nxf3 Qe8 21. Qh4
Qg6 22. Bg5 f4 23. c4 e4 24. cxd5 exf3 25. dxc6 Bd4+ 26. Kh1 fxg2+ 27. Kxg2
Qxc6+ 0-1

[Event "3. Magistral Ciudad de Zaragoza"]
[Site "Zaragoza ESP"]
[Date "2008.10.25"]
[Round "8.4"]
[White "Rizouk, Aimen"]
[Black "Llorente Zaro, Alfonso"]
[Result "1-0"]
[WhiteElo "2507"]
[BlackElo "2424"]
[PlyCount "81"]
[EventDate "2008.10.18"]
[EventType "tourn"]
[EventRounds "9"]
[EventCountry "ESP"]
[EventCategory "9"]
[Source "lmi"]
[SourceDate "2008.10.18"]

1. e4 c5 2. Nf3 Nc6 3. Bb5 Nf6 4. e5 Nd5 5. O-O g6 6. Bxc6 dxc6 7. d3 Bg7 8.
Nbd2 Bg4 9. h3 Bxf3 10. Nxf3 Nc7 11. Be3 Ne6 12. Qd2 O-O 13. Rfe1 Qd5 14. c4
Qd7 15. Rad1 b5 16. Ng5 Bxe5 17. Nxe6 Qxe6 18. Bxc5 Qf5 19. Bxe7 Rfe8 20. g4
Qe6 21. d4 Qxe7 22. Rxe5 Qh4 23. Qe3 Rxe5 24. dxe5 Rd8 25. Rxd8+ Qxd8 26. e6
fxe6 27. Qxe6+ Kg7 28. Qxc6 bxc4 29. Qxc4 Qd6 30. b4 Qe5 31. b5 g5 32. a4 h6
33. Kg2 Qe1 34. Qc7+ Kg6 35. Qc6+ Kg7 36. Qb7+ Kg6 37. Qa6+ Kg7 38. Qxa7+ Kg6
39. Qb6+ Kg7 40. Qb7+ Kg6 41. Qc6+ 1-0

[Event "3. Magistral Ciudad de Zaragoza"]
[Site "Zaragoza ESP"]
[Date "2008.10.25"]
[Round "8.5"]
[White "Mirzoev, Azer"]
[Black "Ramiro Ovejero, Juan Luis"]
[Result "1/2-1/2"]
[WhiteElo "2567"]
[BlackElo "2380"]
[PlyCount "77"]
[EventDate "2008.10.18"]
[EventType "tourn"]
[EventRounds "9"]
[EventCountry "ESP"]
[EventCategory "9"]
[Source "lmi"]
[SourceDate "2008.10.18"]

1. d4 d5 2. Nf3 Nf6 3. c4 dxc4 4. e3 Bg4 5. Bxc4 e6 6. Nc3 Nbd7 7. h3 Bh5 8. g4
Bg6 9. Nh4 Bb4 10. a3 Bxc3+ 11. bxc3 Be4 12. f3 Nd5 13. fxe4 Qxh4+ 14. Kd2 N5b6
15. Bd3 h5 16. Bb2 O-O-O 17. Kc2 Qg5 18. Qe2 Qa5 19. Raf1 hxg4 20. hxg4 Rxh1
21. Rxh1 Na4 22. Rh5 g5 23. Kc1 Nxb2 24. Kxb2 Nb6 25. Bc2 Rd6 26. Qf1 Na4+ 27.
Bxa4 Qxa4 28. Rh8+ Rd8 29. Rxd8+ Kxd8 30. Qxf7 Qb5+ 31. Kc1 Qd3 32. Qf8+ Kd7
33. Qf7+ Kd8 34. Qxe6 Qxc3+ 35. Kb1 Qd3+ 36. Kb2 Qd2+ 37. Kb1 Qd1+ 38. Kb2 Qd2+
39. Kb1 1/2-1/2

[Event "3. Magistral Ciudad de Zaragoza"]
[Site "Zaragoza ESP"]
[Date "2008.10.26"]
[Round "9.1"]
[White "Ramiro Ovejero, Juan Luis"]
[Black "Reinaldo Castineira, Roi"]
[Result "1/2-1/2"]
[WhiteElo "2380"]
[BlackElo "2516"]
[PlyCount "34"]
[EventDate "2008.10.18"]
[EventType "tourn"]
[EventRounds "9"]
[EventCountry "ESP"]
[EventCategory "9"]
[Source "lmi"]
[SourceDate "2008.10.18"]

1. e4 c5 2. Nf3 e6 3. c4 b6 4. Nc3 Bb7 5. d4 cxd4 6. Nxd4 a6 7. Be2 d6 8. O-O
Nf6 9. f3 Nbd7 10. Be3 Be7 11. a4 O-O 12. a5 bxa5 13. Nb3 Rb8 14. Ba7 Ra8 15.
Be3 Rb8 16. Ba7 Ra8 17. Be3 Rb8 1/2-1/2

[Event "3. Magistral Ciudad de Zaragoza"]
[Site "Zaragoza ESP"]
[Date "2008.10.26"]
[Round "9.2"]
[White "Llorente Zaro, Alfonso"]
[Black "Mirzoev, Azer"]
[Result "1/2-1/2"]
[WhiteElo "2424"]
[BlackElo "2567"]
[PlyCount "26"]
[EventDate "2008.10.18"]
[EventType "tourn"]
[EventRounds "9"]
[EventCountry "ESP"]
[EventCategory "9"]
[Source "lmi"]
[SourceDate "2008.10.18"]

1. Nf3 c6 2. d4 d5 3. Bf4 Nf6 4. c3 g6 5. h3 Bg7 6. Nbd2 O-O 7. e3 Nbd7 8. Bd3
Re8 9. O-O h6 10. e4 dxe4 11. Nxe4 Nxe4 12. Bxe4 Nf6 13. Bd3 Nd5 1/2-1/2

[Event "3. Magistral Ciudad de Zaragoza"]
[Site "Zaragoza ESP"]
[Date "2008.10.26"]
[Round "9.4"]
[White "Adla, Diego"]
[Black "Antoli Royo, Joaquin Miguel"]
[Result "1-0"]
[WhiteElo "2497"]
[BlackElo "2425"]
[PlyCount "45"]
[EventDate "2008.10.18"]
[EventType "tourn"]
[EventRounds "9"]
[EventCountry "ESP"]
[EventCategory "9"]
[Source "lmi"]
[SourceDate "2008.10.18"]

1. d4 Nf6 2. c4 c6 3. Nc3 d5 4. e3 g6 5. Nf3 Bg7 6. Be2 O-O 7. O-O dxc4 8. Bxc4
Bg4 9. Be2 Nbd7 10. e4 Bxf3 11. Bxf3 e5 12. d5 cxd5 13. exd5 Ne8 14. d6 Qb8 15.
Bg5 Ndf6 16. d7 Nc7 17. Ne4 Qd8 18. Rc1 Ne6 19. Bxf6 Bxf6 20. Rc8 Qe7 21. Nxf6+
Qxf6 22. Bxb7 Rb8 23. Qd6 1-0

[Event "3. Magistral Ciudad de Zaragoza"]
[Site "Zaragoza ESP"]
[Date "2008.10.26"]
[Round "9.5"]
[White "Garza Marco, Sergio"]
[Black "Cuenca Jimenez, Jose Fernando"]
[Result "1/2-1/2"]
[WhiteElo "2394"]
[BlackElo "2444"]
[PlyCount "24"]
[EventDate "2008.10.18"]
[EventType "tourn"]
[EventRounds "9"]
[EventCountry "ESP"]
[EventCategory "9"]
[Source "lmi"]
[SourceDate "2008.10.18"]

1. d4 Nf6 2. c4 g6 3. Nc3 Bg7 4. e4 d6 5. Nf3 O-O 6. Be2 Na6 7. O-O e5 8. Be3
Ng4 9. Bg5 Qe8 10. dxe5 dxe5 11. h3 f6 12. Bd2 Nh6 1/2-1/2